[Event "ISR-ch U08/18"]
[Site "Savyon"]
[Date "2022.04.07"]
[Round "1"]
[White "Barak, Tomer"]
[Black "Pevzner, Maks"]
[Result "0-1"]
[WhiteElo "1351"]
[BlackElo "1858"]
[PlyCount "114"]
[EventDate "2022.04.06"]
[EventType "swiss"]
[EventRounds "9"]
[EventCountry "ISR"]
[SourceTitle "EXT 2023"]
[Source "ChessBase"]
[SourceDate "2022.10.05"]
[SourceVersion "1"]
[SourceVersionDate "2022.10.05"]
[SourceQuality "1"]

1. d4 Nf6 2. c4 g6 3. Nc3 Bg7 4. e4 c5 5. d5 d6 6. Nf3 0-0 7. h3 Na6 8. Be2 Bd7 9. 0-0 Nc7 10. Bf4 a6 11. e5 dxe5 12. Nxe5 Be8 13. Qb3 b5 14. Rfd1 Qc8 15. cxb5 axb5 16. Nxb5 Bxb5 17. Bxb5 Nxb5 18. Qxb5 Qf5 19. Bg3 Ne4 20. Nc6 Rfe8 21. a4 Qf6 22. a5 Qxb2 23. Qc4 Nc3 24. Re1 Ne2+ 25. Kh2 Nxg3 26. fxg3 Qc3 27. Qf4 Bf6 28. Rac1 Qd3 29. Rxc5 Kg7 30. Qe4 Qa3 31. Qc4 Qb2 32. Qc2 Qxc2 33. Rxc2 Rec8 34. h4 Rxa5 35. Nxa5 Rxc2 36. Nc6 Kf8 37. Rd1 Ke8 38. Nb4 Rc4 39. Nc6 Kd7 40. Kh3 h5 41. Kh2 Kd6 42. Nd8 Rd4 43. Rxd4 Bxd4 44. Nxf7+ Kxd5 45. Ng5 e5 46. Nf3 e4 47. Ne1 Kc4 48. g4 Bf2 49. gxh5 Bxe1 50. hxg6 Bc3 51. h5 Bg7 52. g4 e3 53. g5 e2 54. h6 Be5+ 55. Kg2 e1Q 56. g7 Qg3+ 57. Kf1 Qxg5 0-1